Obálka Náhled e-knihy:
PDF
Pro půjčování e-knih musíte být přihlášeni.
Jak si půjčit online?

Hlava 22 /

Slavný satirický román známého amerického autora těží z jeho vlastních zážitků ze služby u amerického letectva v době 2. světové války.

Uloženo v:
Hlavní autor: Heller, Joseph, 1923-1999 (Autor)
Další autoři: Jindra, Miroslav, 1929-2021 (Autor)
Médium: E-kniha
Jazyk:Czech
Vydáno: V Praze : Kniha Zlin, 2024
Vydání:9. vydání
Témata:
Tagy:
Žádné tagy
LEADER 02623nam a2200481 i 4500
001 312520
003 CZ PrSKC
005 20260601215724.0
007 ta
008 241009s2024 xr g 000 f cze
015 |a cnb003636303 
020 |a 9788076627161  |q (vázáno) :  |c Kč 449,00 
035 |a (OCoLC)1468020905 
040 |a ABG001  |b cze  |e rda 
041 1 |a cze  |h eng 
072 7 |a 821.111(73)-3  |x Americká próza  |2 Konspekt 
080 |a 821.111(73)-31  |2 MRF 
080 |a (0:82-311.6)  |2 MRF 
080 |a (0:82-313.1)  |2 MRF 
100 1 |a Heller, Joseph,  |d 1923-1999  |7 jn19990003358  |4 aut 
240 1 0 |a Catch-22.  |l Česky  |7 aun2008448426 
245 1 0 |a Hlava 22 /  |c Joseph Heller ; přeložil Miroslav Jindra 
250 |a 9. vydání 
264 1 |a V Praze :  |b Kniha Zlin,  |c 2024 
300 |a 522 stran ;  |c 21 cm 
336 |a text  |b txt  |2 rdacontent 
337 |a bez média  |b n  |2 rdamedia 
338 |a svazek  |b nc  |2 rdacarrier 
500 |a Přeloženo z angličtiny 
520 2 |a Slavný satirický román známého amerického autora těží z jeho vlastních zážitků ze služby u amerického letectva v době 2. světové války.  |b Válka, prožívaná příslušníky leteckého pluku na Pianose, sem doléhá jen zdálky, lidé tu vlastně neumírají, jenom se nevracejí z letů. Autor mistrovsky kreslí charakteristické typy důstojníků americké armády a s pomocí situační komiky, ironie a černého humoru podrobuje kritice i americký ideál vlastenectví. Hrdina, aktivní letec Yossarian, který již nechce riskovat život při náletech, dělá všechno možné, aby se aktivní službě mohl vyhnout. Mistrovsky napsaná kniha mimo jiné satiricky vypráví o deziluzi z americké koncepce 2. světové války a právem náleží k nejlepším válečným románům 20. století. 
655 7 |a americké romány  |7 fd131796  |2 czenas 
655 7 |a válečné romány  |7 fd133831  |2 czenas 
655 7 |a satirické romány  |7 fd133330  |2 czenas 
655 9 |a American fiction  |2 eczenas 
655 9 |a war novels  |2 eczenas 
655 9 |a satirical novels  |2 eczenas 
700 1 |a Jindra, Miroslav,  |d 1929-2021  |7 jk01051740  |4 trl 
900 |a ABA001  |b 20 
928 9 |a Albatros Media - Kniha Zlin 
044 |a xr 
910 |a RBIT002 
998 |d 414449  |a https://core.palmknihy.cz/api/books/414449/cover?skg3gn  |b https://core.palmknihy.cz/api/books/414449/cover/400?skg3gn  |c https://core.palmknihy.cz/api/books/414449/cover/50?skg3gn  |e 2029-05-28  |g 528  |i 9788076627161  |k https://core.palmknihy.cz/api/books/414449/preview.pdf  |l   |q 49  |r 1  |s https://www.palmknihy.cz/kniha/414449  |t ebook  |y 2024  |z 0 
999 |d 312518